How to write critical essays : a guide for students of literature /

Guardado en:
Autor Principal: Pirie, David B.
Formato: Libro
Publicado: New York : Routledge, 1985
Materias:
Etiquetas: Agregar Etiqueta
Sin Etiquetas, Sea el primero en etiquetar este registro!
LEADER 00500nam a22001575a 4500
001 EHU.bham013421
003 AR-BHAM
005 20100301160238.0
008 130507s1985##################000#0#####d
082 8 0 |a 801.95 
100 1 |a Pirie, David B. 
245 1 0 |a How to write critical essays :  |b a guide for students of literature /  |c David B. Pirie 
260 |a New York :  |b Routledge,  |c 1985 
300 |a 138 p. 
653 |a Literatura-critica de la 
859 |a AR-BHAM  |b BIB. HUMANIDADES - General  |h 801.95  |i P665  |p 964.93  |t Ej.1